000 00790 a2200229 4500
003 OSt
005 20180116182656.0
008 170823b xxu||||| |||| 00| 0 eng d
020 _a8120719743
020 _a9788120719743
040 _c0
082 _a371.35 RED 1997
100 _aG. Ram Reddy
245 0 0 _aFounding the Open Universities :
_bEssays in Memory of G. ram reddy.
_cG. Ram Reddy
260 _aIndia
_bSterling Publishers,
_c1997.
300 _a171p.
_bHB
440 _aFounding the Open Universities :
500 _aUnknown Binding.
856 4 0 _3Amazon.com
_uhttp://www.amazon.com/exec/obidos/ASIN/8120719743/chopaconline-20
856 4 0 _3Amazon customer reviews
_uhttp://www.chopac.org/cgi-bin/tools/azrev.pl?q=8120719743
942 _aNBS
_cBK
_k371.35 RED 1997
_2ddc
999 _c343867
_d343867